000 00889nam a22003137a 4500
001 0074
003 DO-SdBPM
005 20250604102758.0
007 0074
008 151026b1995 sp 00| 0 spa d
020 _a8482397359
040 _aDO-SdBPM
_bspa
_cBPMSU
082 4 _a862.3
_bV422f 1995
_222
092 _b
100 1 _aVega, Lope de
_d1562-1635.
245 1 0 _aFuente ovejuna /
_cLope de Vega ; edición Rinaldo Froldi.
250 _a17a. ed.
260 _aMadrid :
_bEspasa Calpe,
_c1995.
300 _a120 p. :
_bil.;
_c20 cm.
490 0 _aAustral ;
_a Espas-Calpe
590 _aInventariado, 2025/VM
650 4 _aTeatro español
_ySiglo XVII
650 4 _aNobleza
_vTeatro.
650 4 _aAristocracia
_vTeatro.
700 1 _aFroldi, Rinaldo
_eilustración
700 1 _aGala, Antonio
_epról.
910 _aVMateo V. Control de calidad. BPMSU
942 _2ddc
_cBK
999 _c11188
_d11188